| 000 | 00680nam a22001817a 4500 | ||
|---|---|---|---|
| 005 | 20230313030746.0 | ||
| 008 | 230313b |||||||| |||| 00| 0 eng d | ||
| 020 | _a978-1-3500-3424-2 | ||
| 082 | _a428.0071 Us85 2018 | ||
| 100 |
_aBland, Janice _eeditor |
||
| 245 |
_aUsing literature in English language education: _bchallenging reading for 8-18 years old / _cedited by Janice Bland |
||
| 260 |
_aLondon: _bBloomsbury Academic, _cc2018. |
||
| 300 |
_axviii, 307p.; _bill. |
||
| 504 | _aIncludes references and index | ||
| 541 | _e6300 | ||
| 650 | _aEnglish language - Study and teaching - Foreign speakers | ||
| 650 | _aChildren's literature, English - History and criticism | ||
| 999 |
_c1726 _d1726 |
||